000 00623nmm a2200169Ia 4500
008 251105s9999||||xx |||||||||||||||||und||
020 _a9788491340966
041 _aspa
100 _aCerchiello, Gaetano
245 0 _aLa evolución de los cruceros marítimos en España :
_b Desde sus comienzos hasta la actualidad (1848-2016)
264 _a[Madrid, España] :
_bPublicaciones de la Universidad de Valencia (PUV),
_c2017
300 _a280 páginas
490 _aEstudios y Documentos de Desarrollo Local
650 _aHistory of Europe: Spain
856 _uhttps://public.digitaliapublishing.com/a/49555
942 _cCF
999 _c88502
_d88502